[Event "American Continental 3rd"]
[Site "Buenos Aires"]
[Date "2005.08.10"]
[Round "5"]
[White "Onischuk, Alexander"]
[Black "Gulko, Boris F"]
[Result "1-0"]
[WhiteElo "2628"]
[BlackElo "2589"]
[Annotator "Ftacnik,L"]
[PlyCount "85"]
[EventDate "2005.08.06"]
[EventType "swiss"]
[EventRounds "11"]
[EventCountry "ARG"]
[SourceTitle "CBM 109"]
[Source "ChessBase"]
[SourceDate "2005.11.14"]
[SourceVersion "1"]
[SourceVersionDate "2005.11.14"]
[SourceQuality "1"]

1. d4 Nf6 2. c4 e6 3. Nf3 b6 4. g3 Bb7 5. Bg2 Be7 6. Nc3 O-O 7. Qc2 Na6 8. O-O
Nb4 {Most players would not start the activity in the center with the jump of
the knight, but Onischuk will not be able to refute it.} (8... d5 9. Ne5 (9.
cxd5 Nb4 10. Qa4 (10. Qb3 Nbxd5 11. Rd1 Qc8 12. Ne5 c5 13. Nxd5 Bxd5 14. Bxd5
Nxd5 15. dxc5 Bxc5 16. Bd2 Qb7 17. Rac1 Rac8 18. Nd3 {1/2-1/2 Gershon,A (2546)
-Tiviakov,S (2600)/St Vincent 2004/}) 10... Nbxd5 11. Bd2 c5 12. Rfd1 Qe8 13.
Qxe8 Rfxe8 14. Rac1 Red8 15. dxc5 Bxc5 16. Nxd5 Bxd5 17. b4 Bf8 18. Ne5 Bxg2
19. Kxg2 Ne4 20. Be1 {1-0 Dlugy,M (2531)-Kramnik,V (2751)/Internet ICC 1999/ 
(75)}) 9... Qc8 10. e4 c5 11. dxc5 Nb4 12. Qb3 d4 13. Qxb4 Bxc5 14. Qb3 dxc3
15. Qxc3 Nxe4 16. Qe1 Nd6 17. Bxb7 Qxb7 18. Be3 Nf5 19. Bxc5 bxc5 20. Rb1 Nd4
21. f4 f6 {0-1 Solonar,S (2400)-Itkis,B (2455)/Orel 1994/ (61)}) (8... c5 9. d5
exd5 10. Nh4 Nb4 11. Qd1 Ne4 12. Nf5 Nxc3 13. bxc3 Bf6 14. Bd2 Nc6 15. cxd5 Na5
16. Qa4 Ba6 17. Rfe1 b5 18. Qc2 Nc4 19. Rac1 d6 {0-1 Jakobsen,O (2375)-Brodsky,
M (2500)/Copenhagen 1994/ (45)}) 9. Qb1 c5 10. e4 (10. d5 exd5 11. Nh4 Bc6 12.
a3 d4 13. axb4 dxc3 14. bxc3 Bxg2 15. Kxg2 Re8 16. b5 Bf8 17. Qd3 Qe7 18. Ra2
Qe6 19. Rd1 a6 20. Rxa6 Rxa6 21. bxa6 Ra8 {1/2-1/2 Lerner,K (2530)-Kuzmin,G 
(2500)/St Petersburg 1993/ (31)}) 10... cxd4 11. Nxd4 Qc8 (11... Qc7 12. b3 a6
13. Bb2 Nc6 14. Nce2 $11) 12. b3 Nc6 13. Nde2 {Onischuk is retreating with the
knight in order to be able to play for some advantage.} d6 14. h3 (14. Bb2 Ne5
15. Qd1 a6 $11) 14... a6 15. Be3 Nd7 (15... Qc7 16. f4 Nd7 17. Qb2 Bf6 $13) 16.
f4 Rb8 (16... Qc7 17. Qb2 Rad8 $11) 17. Qb2 Ba8 18. Rac1 Re8 (18... b5 $5 19.
cxb5 (19. Nd5 exd5 20. cxd5 Nc5 21. Qd2 b4 22. dxc6 Qxc6 23. Rc4 Qb6 $11) 19...
axb5 20. b4 Qa6 21. Nd4 Bf6 $11) 19. Nd4 Nxd4 (19... Bf6 20. Qf2 Nxd4 21. Bxd4
Qc7 $11) 20. Bxd4 e5 $6 {Gulko is unable to resist exchange of the white f
pawn, black seems closer to safe equality after the move 20...Bf6!} (20... Bf6
$1 21. Bxf6 (21. Qd2 Qc7 22. Rfd1 Rbd8 23. Bxf6 (23. Bf2 Nc5) 23... Nxf6 24.
Qe3 Bb7 $11) 21... Nxf6 22. Qa3 Rd8 23. Rfd1 Qc7 24. Rd3 Ne8 $11) 21. Be3 (21.
fxe5 $5 Nxe5 (21... dxe5 22. Bf2 $14) 22. Rcd1 b5 23. Qf2 Bf6 24. Ba7 Rb7 25.
Nd5 Bg5 26. cxb5 Rxb5 27. Bd4 $14) 21... exf4 22. Bxf4 (22. gxf4 Bf6 23. Qa3
Bxc3 24. Rxc3 Bxe4 25. Bxe4 Rxe4 26. Qxd6 Qe8 $11) 22... Qc5+ (22... Ne5 23.
Qe2 Bf6 24. Nd5 Bxd5 25. cxd5 Qb7 26. Be3 Bd8 $11) 23. Kh2 (23. Qf2 Qxf2+ 24.
Kxf2 Ne5 25. Rcd1 b5 $13) 23... Bf6 24. Qd2 Be5 (24... Bxc3 25. Rxc3 Ne5 26.
Rcc1 Qc7 27. Rcd1 Rbd8 28. Be3 b5 $11) 25. Rfd1 Bxf4 $6 {The second exchange
in the center is still playable, but black is slowly drifting in the wrong
direction.} (25... Nf6 26. Nd5 Bxd5 27. cxd5 Qb5 28. Rc6 Nxe4 29. Bxe4 Bxf4 30.
Qc2 Be5 31. Bxh7+ $14) 26. gxf4 Nf6 27. Re1 (27. Qxd6 Nxe4 (27... Qxd6 28. Rxd6
Nxe4 29. Bxe4 Bxe4 30. Na4 $16) 28. Nxe4 Bxe4 29. Bxe4 Qxd6 30. Bxh7+ Kxh7 31.
Rxd6 Re2+ 32. Kg3 Rxa2 $14) 27... Qc7 $6 {Gulko was still able to justify his
concept with the brave transfer of the queen to the kingside.} (27... Qh5 $5
28. Qxd6 Qh4 29. Nd5 (29. Qd2 Nh5 (29... Rbd8 30. Nd5 Nh5 31. f5 Bxd5 32. cxd5
Qg3+ 33. Kh1 Nf6 34. Qc3 $14) 30. f5 Qg3+ 31. Kh1 Nf4 $132) 29... Ng4+ 30. Kg1
Qf2+ 31. Kh1 Bxd5 32. cxd5 Ne3 33. Rg1 Nxg2 34. Rxg2 Qh4 $132) 28. Nd5 Qd8 (
28... Bxd5 29. cxd5 Qe7 30. e5 Nd7 31. e6 fxe6 32. Rxe6 $16) 29. e5 (29. Qd4
Bxd5 30. cxd5 Nd7 31. Rc6 $14) 29... dxe5 30. fxe5 Nh5 $2 {[%mdl 16384] A
truly horrible retreat, black will not get any counterplay on the squares f4,
g3 but will end up with very poorly misplaced knight.} (30... Nxd5 31. cxd5 f6
32. Qf4 (32. e6 Qd6+ 33. Kg1 Rbd8 34. Red1 Qg3 35. Qc3 $14) 32... fxe5 33. Rxe5
Rf8 34. Rf5 $14) 31. Rc3 $1 b5 32. Rd3 bxc4 33. bxc4 (33. Nf6+ $5 Qxf6 (33...
Nxf6 34. Rxd8 Rexd8 35. Qa5 Nh5 36. Bxa8 Rxa8 37. bxc4 $16) 34. exf6 cxd3 35.
Bf1 Nxf6 36. Rxe8+ Rxe8 37. Bxd3 $16) 33... Qc8 (33... Bxd5 34. cxd5 Rc8 35.
Re4 $16) 34. Qg5 $1 {It seems only just, that black should be punished for his
sinful 30th move.} (34. Bf3 Bxd5 35. cxd5 Qf5 36. Bg4 Qf4+ 37. Qxf4 Nxf4 38.
Rd2 $16) 34... g6 (34... Qxc4 35. Nf6+ Kf8 (35... Nxf6 36. exf6 g6 37. Qh6 $18)
36. Nxh7+ Kg8 37. Nf6+ Kf8 38. Nxh5 Qxd3 39. Qxg7+ Ke7 40. Qf6+ Kf8 (40... Kd7
41. Qxf7+ Kd8 42. Ng7 $18) 41. Rf1 Rb7 42. Qg7+ Ke7 43. Qg5+ $18) (34... Bxd5
35. Bxd5 Rb2+ 36. Kh1 g6 37. Rf3 $18) 35. Ne7+ Rxe7 36. Qxe7 Bxg2 (36... Qxc4
37. Rd8+ Rxd8 38. Qxd8+ Kg7 39. Qxa8 Qf4+ 40. Kg1 Qd4+ 41. Kh1 $18) 37. e6 $1 {
The decisive shot that the defender might have missed from afar, white is
using all his forces for an attack.} Qxc4 (37... Qf8 38. exf7+ Kg7 39. Qe5+
Kxf7 40. Kxg2 $18) 38. exf7+ Qxf7 39. Rd8+ $1 Rxd8 40. Qxd8+ Kg7 (40... Qf8 41.
Re8 $18) 41. Re7 Bd5 42. Rxf7+ Bxf7 43. Qa5 (43. Qa5 Bc4 44. Qc3+ $18) 1-0

[Event "Moscow Aeroflot op"]
[Site "Moscow"]
[Date "2002.02.09"]
[Round "7"]
[White "Filippov, Valerij"]
[Black "Kalinin, Alexander"]
[Result "1-0"]
[WhiteElo "2625"]
[BlackElo "2512"]
[Annotator "Ftacnik,L"]
[PlyCount "75"]
[EventDate "2002.02.04"]
[EventType "swiss"]
[EventRounds "9"]
[EventCountry "RUS"]
[SourceTitle "CBM 088"]
[Source "ChessBase"]
[SourceDate "2002.03.21"]
[SourceVersion "1"]
[SourceVersionDate "2002.03.21"]
[SourceQuality "1"]

1. Nf3 Nf6 2. c4 e6 3. g3 b6 4. Bg2 Bb7 5. O-O Be7 6. Nc3 c5 7. Re1 d5 8. cxd5
exd5 9. d4 O-O 10. Bf4 Na6 11. Rc1 Re8 12. Qa4 Ne4 (12... h6 13. Rcd1 c4 14.
Ne5 g5 15. Bd2 Nc7 16. b3 cxb3 17. Qxb3 Ne6 18. Bc1 Rc8 {1/2-1/2 Dunnington,
A-Collier,D/England 1998/ (60)}) (12... Nc7 13. dxc5 bxc5 14. Red1 Ne6 15. Ne5
Qb6 16. Nxd5 Nxd5 17. Bxd5 Bxd5 18. Rxd5 Qxb2 {1/2-1/2 Arambel,S-Giardelli,S/
Mar del Plata 1998/ (43)}) 13. Red1 Nxc3 14. bxc3 {It is a bit surprising,
that nobody wanted to support the center with this natural pawn capture.} (14.
Rxc3 Nb4 (14... Bf6 15. Be5 Bxe5 16. Nxe5 f6 17. Nd3 cxd4 18. Rc2 Rc8 19. Nf4
d3 20. Nxd3 Rxc2 21. Qxc2 Qc8 22. Qd2 d4 23. Bxb7 Qxb7 24. Nf4 {1-0 Gabriel,
C-Radocaj,D/Pula 1997/ (49)}) 15. dxc5 bxc5 16. Ne5 a5 17. Rcc1 Bd6 18. Nd3
Rxe2 19. Bxd6 Nxd3 20. Rxd3 Qxd6 21. Qb5 Qf6 22. Qxc5 {Ree,H-Hort,V/Amsterdam/
1981/ (38)}) 14... Bf6 (14... Nc7 15. dxc5 Bxc5 16. Nd4 Qe7 $11) 15. Be5 Bxe5
16. Nxe5 (16. dxe5 $6 Qc8 17. Qf4 h6 $15) 16... f6 17. Nc6 Qd7 (17... Bxc6 $2
18. Qxc6 Nc7 19. dxc5 $16) 18. c4 $1 {The tactics is helping to solve the
riddle of the central pawn structure, both white rooks are on ideal squares.}
Bxc6 (18... cxd4 19. cxd5 Nc5 20. Qc2 $16) 19. Qxa6 cxd4 (19... Rxe2 20. dxc5
d4 (20... Qf5 21. Rf1 Rd2 22. cxb6 axb6 23. Qxb6 $16) 21. Bd5+ Bxd5 22. cxd5
Rae8 23. c6 Qf5 24. Rf1 $16) 20. Rxd4 Rxe2 (20... Bb7 21. Qxb7 Qxb7 22. Bxd5+
Qxd5 23. cxd5 Rxe2 24. a3 $14) 21. Bf3 (21. cxd5 Bb5 22. Qa3 Rae8 $11) 21...
Re5 (21... Rb2 $2 22. Qa3 $18) 22. cxd5 Bb5 (22... Bxd5 $2 23. Bxd5+ Rxd5 24.
Qc4 Rd8 25. Rcd1 $18) 23. Qa3 Rae8 24. h4 Re1+ (24... Be2 25. Bg2 b5 26. d6 $14
) (24... Qh3 25. Qb4 $14) 25. Rxe1 Rxe1+ 26. Kh2 Qf5 (26... Re8 27. d6 $14) 27.
Rf4 (27. Qc3 Re8 28. Rd2 Rc8 $14) 27... Qd3 $2 {Kalinin is making a wild dash
for counterplay, but black's king will get distinctly harsher treatment.} (
27... Qd7 28. Qb3 $14) 28. Qxa7 $1 Qf1 29. Qb8+ Kf7 (29... Be8 30. Bg2 Qg1+ 31.
Kh3 Kf7 32. Qd8 Bb5 33. Rg4 Qxf2 34. Qc7+ Re7 35. Rxg7+ Kxg7 36. Qxe7+ Kg8 37.
d6 $18) 30. Qc7+ Kg8 31. Qd8+ Be8 (31... Kf7 $2 32. Bh5+ g6 33. Rxf6+ Kg7 34.
Qf8#) (31... Re8 32. Qxb6 $16) 32. Bg2 Qg1+ 33. Kh3 h5 34. Re4 Rxe4 (34...
Qxg2+ 35. Kxg2 Rxe4 36. d6 Kh7 37. d7 $18) 35. Bxe4 Kf8 (35... Qf1+ 36. Bg2 Qb5
37. Kh2 Kf7 38. d6 $18) 36. d6 Qf1+ 37. Bg2 Qe2 38. Kh2 (38. Kh2 Qe6 (38... Qb5
39. Qe7+ Kg8 40. Bh3 $18) 39. Bc6 $18) 1-0

[Event "FIDE World Cup-D"]
[Site "Hyderabad"]
[Date "2002.10.11"]
[Round "2"]
[White "Beliavsky, Alexander G"]
[Black "Harikrishna, Pentala"]
[Result "1-0"]
[WhiteElo "2650"]
[BlackElo "2551"]
[Annotator "Ftacnik,L"]
[PlyCount "85"]
[EventDate "2002.10.05"]
[EventType "tourn"]
[EventRounds "5"]
[EventCountry "IND"]
[EventCategory "15"]
[SourceTitle "CBM 092"]
[Source "ChessBase"]
[SourceDate "2003.02.06"]
[SourceVersion "1"]
[SourceVersionDate "2003.02.06"]
[SourceQuality "1"]

1. d4 Nf6 2. c4 e6 3. Nf3 b6 4. g3 Bb7 5. Bg2 Be7 6. Nc3 Ne4 7. Bd2 O-O 8. d5
Nxc3 9. Bxc3 Bf6 10. Rc1 c6 11. Nd4 exd5 (11... c5 $5 12. Nb5 Bxc3+ 13. Nxc3 d6
14. O-O e5 $11) (11... cxd5 12. cxd5 Bxd5 13. Bxd5 exd5 14. Nf5 Nc6 15. Qxd5
$14) 12. cxd5 c5 13. Nf5 Bxc3+ 14. Rxc3 Qf6 $6 {Harikrisna did not have a
lucky hand with premature foray of black queen, Beliavsky will decide to start
a violent attack.} (14... d6 15. Qa4 Bc8) 15. e4 Ba6 (15... d6 16. O-O Bc8) 16.
f4 d6 17. g4 $1 g6 (17... g5 $2 18. fxg5 Qxg5 19. Qd2 Qxd2+ 20. Kxd2 Rd8 21. g5
$18) 18. g5 Qd8 19. Nh6+ Kg7 20. h4 Qe8 (20... f6 21. Ng4 Nd7 (21... fxg5 22.
hxg5 Rxf4 23. Rch3 h5) 22. Qa4 $16) 21. h5 Qb5 {Black's queen already made
quite a journey, but her friendly pieces are still underdeveloped. White is
finishing the preparations for the decisive onslaught.} 22. Qd2 Nd7 23. Rch3
Rae8 24. hxg6 fxg6 (24... hxg6 25. Kd1 $18) 25. Kd1 Qa4+ (25... Qb4 26. Qxb4
cxb4 27. Nf5+ $1 $18) 26. b3 Qd4 27. Qxd4+ cxd4 28. Nf5+ $1 {[%mdl 128] It is
possible to temporarily sacrifice material in the attack even without queens
on the board!} (28. Nf7 $5 Rxf7 (28... h5 29. Nxd6 Rd8 30. e5 Nc5 31. f5 gxf5
32. Rxh5 $18) 29. Rxh7+ Kf8 30. Rxf7+ Kxf7 31. Rh7+ Kf8 32. Rxd7 Bd3 33. Rxd6
Bxe4 34. Bxe4 Rxe4 35. Rf6+ Kg7 36. Kd2 $18) 28... gxf5 (28... Kg8 29. Nxd6 Re7
30. Rh4 $18) 29. Rxh7+ Kg8 (29... Kg6 $2 30. R1h6#) 30. Rh8+ Kg7 31. R1h7+ Kg6
32. Rh6+ Kg7 (32... Kf7 33. R8h7+ Kg8) 33. R8h7+ Kg8 34. exf5 {The last truly
interesting moment in the game, white is ignoring very dangerous possibility
to play for the mating attack with 34.Bf3!} (34. Bf3 $1 Rxe4 (34... fxe4 35.
Bh5 $1 Nf6 36. gxf6 Rxf6 37. Rh8+ Kg7 38. R6h7#) 35. Bh5 Be2+ 36. Bxe2 $18)
34... Rxf5 (34... Re3 35. Rxd7 $18) 35. Rh8+ Kf7 36. R6h7+ Kg6 37. Rxe8 Nc5 (
37... Kxh7 38. Be4 Kg6 39. Re6+ $18) 38. Rhh8 (38. Rh6+ Kf7 39. Rhh8 $18) 38...
Rxf4 39. Reg8+ Kf5 40. Rf8+ Kg4 (40... Kxg5 41. Rhg8+ $18) 41. Rxf4+ Kxf4 42.
g6 Ke3 43. Re8+ (43. g7 Be2+ 44. Kc1 Nd3+ 45. Kb1 $18) 1-0

[Event "USA-ch"]
[Site "Key West"]
[Date "1994.??.??"]
[Round "12"]
[White "Gulko, Boris F"]
[Black "Shabalov, Alexander"]
[Result "1-0"]
[WhiteElo "2590"]
[BlackElo "2600"]
[Annotator "Ftacnik,L"]
[PlyCount "81"]
[EventDate "1994.10.??"]
[EventType "tourn"]
[EventRounds "13"]
[EventCountry "USA"]
[EventCategory "13"]
[SourceTitle "CBM 044"]
[Source "ChessBase"]
[SourceDate "1995.02.01"]
[SourceVersion "1"]
[SourceVersionDate "1995.02.01"]
[SourceQuality "1"]

1. c4 e6 2. Nf3 b6 3. g3 Bb7 4. Bg2 c5 5. O-O Nf6 6. Nc3 Be7 7. Re1 d5 8. cxd5
exd5 9. d4 O-O 10. Bf4 Nbd7 $6 (10... Na6) 11. dxc5 bxc5 $6 (11... Nxc5 12. Be5
Re8 13. Qc2 $14) 12. Nh4 $1 Nh5 (12... Nb6 13. Nf5 Re8 14. Nb5 $1 Qd7 15. Nbd6
Bxd6 16. Nxd6 $16 {Kramnik,V-Ribli,Z/Groningen/1993/}) 13. Nf5 $1 (13. Nxd5
Bxh4 14. gxh4 (14. Bc7 $5) 14... Bxd5 $1 (14... Qxh4 15. Bg3 $16 {Kramnik}) 15.
Qxd5 (15. Bxd5 Nxf4 16. Bxa8 Qxa8 17. Qxd7 $4 Qg2#) 15... Nxf4 16. Qxa8 Qxa8
17. Bxa8 Rxa8 $13) 13... Nxf4 14. gxf4 Nb6 15. Nxd5 $1 Bxd5 16. Bxd5 Nxd5 17.
Qxd5 Bf6 (17... Qxd5 $4 18. Nxe7+ $18) 18. Rad1 Qa5 $1 19. Nd6 Rad8 20. e4 Bxb2
21. e5 Bd4 22. e6 (22. Kg2 $5 $16 {/\ Re2}) 22... Qc7 23. exf7+ Qxf7 24. Qxf7+
Rxf7 25. Nxf7 Kxf7 26. Kg2 Rd6 27. Re2 Ra6 28. Rb1 Kg6 29. Rb7 Ra3 30. Rb3 Ra4
31. Kg3 c4 (31... Kf5 $5) 32. Rb5 Bf6 33. Rc5 c3 34. Re6 Ra3 35. f3 h5 $2 (
35... Rxa2 36. Rxc3 Ra1 $14) 36. f5+ Kh7 37. Re8 Ra4 38. f4 Rxa2 39. Rcc8 g6
40. Re6 h4+ 41. Kh3 1-0

[Event "Montreal-A 5th"]
[Site "Montreal"]
[Date "2004.08.09"]
[Round "6"]
[White "Novikov, Igor A"]
[Black "Rozentalis, Eduardas"]
[Result "1/2-1/2"]
[WhiteElo "2610"]
[BlackElo "2619"]
[Annotator "Ftacnik,L"]
[PlyCount "88"]
[EventDate "2004.08.04"]
[EventType "tourn"]
[EventRounds "11"]
[EventCountry "CAN"]
[EventCategory "12"]
[SourceTitle "CBM 103"]
[Source "ChessBase"]
[SourceDate "2004.11.11"]
[SourceVersion "1"]
[SourceVersionDate "2004.11.11"]
[SourceQuality "1"]

1. d4 Nf6 2. c4 e6 3. Nf3 b6 4. g3 Bb7 5. Bg2 Be7 6. O-O O-O 7. b3 d5 8. cxd5
Bxd5 9. Bb2 Nbd7 10. Nc3 Bb7 11. Qc2 c5 12. dxc5 {The first game with open
invitation for the black knight to occupy the center, previously white were
trying more promising idea 12.e4.} (12. e4 cxd4 13. Nxd4 Rc8 14. Rad1 (14. Rfd1
Qc7 15. Rac1 Qb8 16. Qe2 Rfd8 17. e5 Ne8 18. f4 a6 19. Bxb7 Qxb7 20. Qg2 Qxg2+
21. Kxg2 b5 {1/2-1/2 Vukic,M-Abramovic,B/Novi Sad 1995/ (49)}) 14... Qc7 15.
Rfe1 Rfd8 16. Qe2 Nf8 17. e5 Nd5 18. Ne4 a6 19. Qh5 Ng6 20. Nf3 Qd7 21. Nf6+
gxf6 22. exf6 Bf8 23. Ng5 h6 24. Nxe6 {1-0 Giardelli,S-Granata,R/Buenos Aires
1978/ (30)}) (12. Rfd1 Rc8 13. Rac1 cxd4 14. Nxd4 Bxg2 15. Kxg2 Qc7 16. Nf3 Ne5
17. Nxe5 Qxe5 18. Qd3 Rfd8 19. Qf3 h5 20. Nd5 {1-0 Czech,L-Ellrich,J/Bad
Homburg 2004/ (31)}) 12... Nxc5 13. Rfd1 Qe8 14. Rac1 (14. b4 Nce4 15. Nxe4
Bxe4 16. Qc7 Bc6 $11) 14... Rc8 15. Qb1 (15. Qd2 a5 16. Qf4 b5 $11) 15... h6
16. Rd4 (16. b4 Na4 17. b5 Nxb2 18. Qxb2 Rc5 $11) 16... a6 17. Rcd1 b5 18. Ne5
(18. b4 Ncd7 19. a3 Nb6 20. Ne5 Bxg2 21. Kxg2 Nfd5 $11) 18... Bxg2 19. Kxg2 a5
20. R1d2 $6 {Novikov has achieved nothing with his batery in the center, it
was time to start worrying about equality.} (20. e4 b4 21. Ne2 Qb5 22. Rc4 $11)
20... b4 21. Nd1 a4 22. Ng4 (22. Rxb4 $2 Nxb3 $17) 22... axb3 23. Nxf6+ Bxf6 (
23... gxf6 24. Rxb4 f5 25. Nc3 Qc6+ 26. f3 $11) 24. Rxb4 Qc6+ 25. f3 Bg5 (25...
Bxb2 26. Rxb2 bxa2 27. Qxa2 Rfd8 $15) 26. Rdd4 $2 (26. e3 bxa2 27. Qxa2 Rfd8
$15) 26... Qa6 $1 {[%mdl 2048] Rozentalis makes small wonders with his queen,
she becomes hero of the day.} 27. Nc3 (27. axb3 Qxe2+ 28. Kg1 e5 $19) 27... Bf6
28. Rdc4 Bxc3 29. Bxc3 bxa2 (29... Qxa2 $6 30. Qb2 $15) 30. Qc2 (30. Qa1 $2 Nb3
31. Rxb3 Rxc4 32. Bxg7 Rc2 $19) 30... Nd7 31. Ba1 Rxc4 32. Rxc4 (32. Qxc4 Qxc4
33. Rxc4 Ra8 34. Rc7 Nf8 35. e4 e5 $19) 32... Ra8 33. Qb2 e5 34. Rc7 Rb8 (34...
Ra7 35. Rc2 Qe6 $19) 35. Qc2 Nf6 {It is hard to blame black for not winning
this position, converting an extra pawn on a2 is no easy task.} (35... Nf8 36.
Rc4 Ra8 37. Rc5 Ng6 38. e4 Qb6 $19) 36. Rc6 Qb5 37. Rc8+ Rxc8 38. Qxc8+ Ne8 (
38... Kh7 $2 39. Qc2+ $1 Kh8 40. Qxa2 $11) 39. Kf2 e4 40. fxe4 Kh7 41. e5 (41.
Qf5+ Qxf5+ 42. exf5 Nd6 43. Ke3 Nxf5+ 44. Kd3 Kg6 $17) 41... Qb6+ 42. e3 (42.
Kg2 Qb1 43. Qc3 h5 $17) 42... Nc7 (42... Qc7 43. Qf5+ g6 44. Qd3 Qc1 45. Qd4
Qc2+ 46. Kf3 g5 47. g4 $17) 43. Bd4 (43. e6 $5 {White might have tried even 43.
e6!? with equal chances.} Nxe6 (43... fxe6 44. Qd7 e5 45. Bxe5 Ne6 46. Qd3+ $11
) 44. Qc2+ $11) 43... Qc6 44. g4 Qc2+ (44... Qc2+ 45. Kg3 $15) 1/2-1/2

[Event "Interpolis-03"]
[Site "Tilburg"]
[Date "1979.11.05"]
[Round "4"]
[White "Portisch, Lajos"]
[Black "Karpov, Anatoly"]
[Result "1/2-1/2"]
[WhiteElo "2640"]
[BlackElo "2705"]
[Annotator "Ftacnik,L"]
[PlyCount "57"]
[EventDate "1979.11.01"]
[EventType "tourn"]
[EventRounds "11"]
[EventCountry "NED"]
[EventCategory "15"]
[SourceTitle "MCL"]
[Source "ChessBase"]
[SourceDate "1999.07.01"]
[SourceVersion "1"]
[SourceVersionDate "1999.07.01"]
[SourceQuality "1"]

1. Nf3 Nf6 2. c4 b6 3. g3 Bb7 4. Bg2 e6 5. O-O Be7 6. Nc3 O-O 7. Re1 {Panno} d5
8. cxd5 exd5 (8... Nxd5 9. e4 $1 Nxc3 (9... Nb4 10. d4 c5 11. d5 exd5 12. exd5
Bf6 13. Ne5 $14) 10. bxc3 c5 11. d4 $14) 9. d4 c5 10. Be3 (10. dxc5) (10. Bf4
Na6 11. Nd2 $2 Qd7 12. Nf1 Rfd8 13. h3 Rac8 $36 {Ljubojevic-Karpov/Moscow/1977}
) (10. Bg5 h6 11. Bxf6 Bxf6 12. Qd2 {/\Tad1}) 10... Na6 11. Rc1 Nc7 12. dxc5
bxc5 13. Na4 d4 14. Bg5 Ne6 (14... Ne4 15. Bxe7 Qxe7 16. Nd2 $16) 15. Bxf6 Bxf6
$1 16. Nxd4 Bxd4 17. Bxb7 Rb8 18. Bg2 (18. Ba6 $6 {׻}) (18. Bf3 $6 Qf6 {
/\Sg5->}) 18... Bxb2 19. Rb1 Ba3 $1 20. Qc2 Nd4 21. Qc4 Bb4 22. Rf1 $1 (22.
Red1 $2 Qa5 23. Nb2 Nb5 $1 $17) 22... Qa5 23. Nb2 Ba3 24. Nd3 Nxe2+ 25. Kh1 Qc3
26. Bd5 Qxc4 27. Bxc4 Nc3 28. Rb3 Bb4 (28... Rxb3 29. axb3 {/\Ta1}) 29. Nxc5 (
29. Nxc5 Rfc8 $2 30. Na6 (30. Nd7)) 1/2-1/2

[Event "Bundesliga 0203"]
[Site "Germany"]
[Date "2003.01.10"]
[Round "7.6"]
[White "Heinbuch, Detlef Ulrich"]
[Black "Hansen, Curt"]
[Result "0-1"]
[WhiteElo "2365"]
[BlackElo "2610"]
[Annotator "Ftacnik,L"]
[PlyCount "108"]
[EventDate "2002.10.19"]
[EventType "team-tourn"]
[EventRounds "15"]
[EventCountry "GER"]
[SourceTitle "CBM 093"]
[Source "ChessBase"]
[SourceDate "2003.04.01"]
[SourceVersion "1"]
[SourceVersionDate "2003.04.01"]
[SourceQuality "1"]
[WhiteTeam "Godesberg"]
[BlackTeam "Porz"]
[WhiteTeamCountry "GER"]
[BlackTeamCountry "GER"]

1. d4 Nf6 2. Nf3 e6 3. c4 b6 4. g3 Ba6 5. b3 Bb7 6. Bg2 Bb4+ 7. Bd2 Be7 8. Nc3
O-O 9. O-O Na6 10. Bc1 d5 11. cxd5 exd5 12. Bb2 Qc8 13. e3 Rd8 14. Rc1 Qe6 15.
Ne5 Bf8 16. a3 c5 17. Ne2 Qe8 {Both players have chances in a complicated
position, black's central pawns are excellently protected.} (17... Bd6 18. Nf4
Qe7 19. Ng4 $11) 18. Re1 Rab8 19. Nc3 (19. Nf4 Ne4 20. Qh5 Bd6 21. Ned3 Qb5 $13
) 19... Nc7 20. Rc2 (20. Ng4 Nxg4 21. Qxg4 Qe6 22. Qxe6 fxe6 $11) 20... Nb5 21.
Nxb5 Qxb5 22. Qd3 Qe8 (22... Qxd3 23. Nxd3 Ba6 24. Nf4 $14) 23. Rec1 Ne4 24. f3
Ng5 25. Qd2 (25. Ng4 Qe6 26. Nf2 f6 $11) 25... Ba6 26. b4 f6 27. Ng4 (27. Nd3
Bxd3 28. Qxd3 cxb4 29. axb4 Bxb4 30. e4 a5 31. exd5 $11) 27... c4 {Hansen
plays with ambition in the hope, that one day this c pawn can become a hero.}
28. Bc3 Bb5 29. Re1 Ba4 30. Rcc1 Qg6 31. Nf2 (31. e4 Nxe4 32. Nh6+ gxh6 33.
fxe4 $11) 31... Ne6 32. e4 Nc7 33. Nh3 Qf7 34. Nf2 (34. Nf4 Rbc8 35. Nxd5 Nxd5
36. exd5 Bd7 37. f4 b5 38. Be4 Bd6 $11) 34... Nb5 35. Ng4 $6 (35. Bb2 Rbc8 36.
f4 dxe4 37. Nxe4 Qd7 38. d5 Re8 39. Nc3 $11) 35... dxe4 36. fxe4 Qd7 37. Ne3 $2
(37. Bh3 Kh8 (37... Nxd4 38. Nxf6+ gxf6 39. Bxd7 Nf3+ 40. Kf2 Nxd2 41. Bxa4 b5
42. Bc2 Rb6 $11) 38. d5 Nxc3 39. Qxc3 Bb3 $15) 37... Nxc3 38. Qxc3 Qxd4 39.
Qxc4+ (39. Qxd4 Rxd4 40. Nxc4 Rbd8 $15) 39... Qxc4 40. Nxc4 (40. Rxc4 Rd3 $15)
40... a5 $1 {With bishop's pair black needs practising targets and lots of
space for th happy duo.} 41. bxa5 (41. Rb1 axb4 42. axb4 Rd4 43. e5 Bc2 44. Rb2
Bg6 $17) 41... b5 42. Ne3 (42. Nb2 Bxa3 43. Re2 b4 44. Rf2 Bb5 $17) 42... Bxa3
43. Rb1 (43. Rc6 Bb4 44. Ra1 Bxa5 $17) 43... Bc5 (43... Ra8 44. e5 Rxa5 45. e6
Bc5 46. Kh1 b4 47. Nd5 b3 48. Nc3 Bb4 49. Nxa4 Bxe1 50. e7 Re8 51. Rxe1 Kf7 52.
Nb6 b2 $17) 44. Bf1 (44. Kf1 b4 45. Rbc1 Bxe3 46. Rxe3 b3 47. Rb1 b2 $19) 44...
Re8 45. Bd3 (45. Kf2 Rxe4 46. Kf3 Rbe8 47. Ng2 Rxe1 48. Nxe1 b4 $17) 45... f5
$1 {White is in for another round of unpleasant choices as black managed to
win a pawn.} 46. Kg2 fxe4 47. Bf1 Bd4 48. Nf5 Bc3 49. Re3 (49. Rec1 b4 (49...
Bd2 50. Nd6 Bxc1 51. Nxe8 Bd2 52. Nd6 Bxa5) 50. Nd6 Red8 51. a6 Kf8 52. Be2 Bc6
$19) 49... Bd2 50. Re2 Bxa5 51. Nd6 (51. Ra2 $1 Bc7 (51... e3 52. Nxe3 Bc3 53.
Nd5 Be5 54. Bd3 Red8 $17) 52. Nd4 Ra8 53. Bxb5 Bxb5 54. Rxa8 Rxa8 55. Nxb5 Ra2+
56. Kh3 Be5 57. Rb4 Ra5 58. Nd4 $17) 51... Re6 52. Nxe4 Rbe8 53. Kf3 b4 54.
Nf6+ $2 (54. Re3 Rf8+ 55. Kg2 Rc8 56. Bd3 Bc2 57. Rc1 b3 $19) 54... Rxf6+ 0-1